Cartas dirijidas [sic] a S.A.R. el duque reinante de Sajonia Coburgo y Gotha sobre la teoría de la ciencia estadística / (Record no. 162797)

MARC details
000 -LEADER
campo de control de longitud fija 00979nam a22002055i 4500
001 - NÚMERO DE CONTROL
campo de control 162797
003 - IDENTIFICADOR DE NÚMERO DE CONTROL
campo de control ES-MaACL
005 - FECHA Y HORA DE LA ÚLTIMA TRANSACCIÓN
campo de control 20260201063017.0
008 - DATOS DE LONGITUD FIJA--INFORMACIÓN GENERAL
campo de control de longitud fija 990917s1848 sp |||| | spa d
100 1# - ENTRADA PRINCIPAL--NOMBRE DE PERSONA
Nombre de persona Quételet, Adolphe,
Fechas asociadas al nombre 1796-1874
9 (RLIN) 155074
245 10 - MENCIÓN DEL TÍTULO
Título Cartas dirijidas [sic] a S.A.R. el duque reinante de Sajonia Coburgo y Gotha sobre la teoría de la ciencia estadística /
Mención de responsabilidad, etc. por A. Quetelet ; y traducidas del francés por Juan Bautista Trupita.
260 ## - PUBLICACIÓN, DISTRIBUCIÓN, ETC.
Lugar de publicación, distribución, etc. Madrid :
Nombre del editor, distribuidor, etc. [s.n.],
Fecha de publicación, distribución, etc. 1848 (
Fabricante Imp. de Baltasar González)
300 ## - DESCRIPCIÓN FÍSICA
Extensión 104 p. ;
Dimensiones 22 cm.
530 ## - NOTA DISPONIBLE DE FORMULARIO FÍSICO ADICIONAL
Nota de formato físico adicional disponible Disponible en formato digital.
650 #4 - PUNTO DE ACCESO ADICIONAL DE MATERIA--TÉRMINO DE MATERIA
Término de materia o nombre geográfico como elemento de entrada Estadística.
9 (RLIN) 12520
700 1# - ENTRADA AGREGADA--NOMBRE PERSONAL
Nombre de persona Trupita, Juan Bautista.
9 (RLIN) 133401
852 4# - LOCALIZACIÓN
Ubicación ES-MaACL
Número de control de estantería T-33-F-1
Nota libre - Enc. hol., falto de cub. original
-- - Enc. en un vol. facticio
856 4# - LOCALIZACIÓN Y ACCESO ELECTRÓNICOS
Identificador Uniforme de Recursos <a href="http://bvrajyl.rajyl.es/i18n/consulta/registro.cmd?id=8430 ">http://bvrajyl.rajyl.es/i18n/consulta/registro.cmd?id=8430 </a>
Nota pública Biblioteca Virtual de la Real Academia de Jurisprudencia y Legislación
Holdings
Estatus retirado Estado de pérdida Estado de daño No para préstamo Colección Biblioteca de origen Biblioteca actual Ubicación en estantería Fecha de adquisición Total de préstamos Signatura topográfica completa Código de barras Visto por última vez Precio de reemplazo Tipo de ítem Koha
        Colección de folletos Biblioteca del Ateneo de Madrid Biblioteca del Ateneo de Madrid Depósito folletos 17/01/2008   T-33-F-1 1170567 23/02/2023 23/02/2023 Folleto